Critica de la razon dialectica (Marxismo y existencialismo) (Record no. 110334)

MARC details
000 -LEADER
campo de control de longitud fija 01108cam a2200289I 4500
001 - NÚMERO DE CONTROL
campo de control 43133
005 - FECHA Y HORA DE LA ÚLTIMA TRANSACCIÓN
campo de control 20230411085956.0
008 - DATOS DE LONGITUD FIJA--INFORMACIÓN GENERAL
campo de control de longitud fija 910213s1961 ve 000 0 spa d
035 ## - NÚMERO DE CONTROL DEL SISTEMA
Número de control de sistema (OCoLC)ocm23099197
040 ## - FUENTE DE CATALOGACIÓN
Centro catalogador/agencia de origen CUY
Centro/agencia transcriptor CUY
Centro/agencia modificador GZM
-- OCLCQ
035 ## - NÚMERO DE CONTROL DEL SISTEMA
Número de control de sistema (OCoLC)23099197
041 1# - CÓDIGO DE IDIOMA
Código de lengua del texto/banda sonora o título independiente spa
Código de lengua original fre
090 ## - LOCALMENTE ASIGNADO TIPO-LC NÚMERO DE CLASIFICACIÓN (OCLC); NÚMERO DE CLASIFICACIÓN LOCAL (RLIN)
Número de clasificación (OCLC) (R) ; Numero de clasificación, CALL (RLIN) (NR) PN4722.V4
Número cutter local (OCLC) ; Número de libro/Signatura topográfica íntegra, CALL (RLIN) C8 no.14
090 ## - LOCALMENTE ASIGNADO TIPO-LC NÚMERO DE CLASIFICACIÓN (OCLC); NÚMERO DE CLASIFICACIÓN LOCAL (RLIN)
Número de clasificación (OCLC) (R) ; Numero de clasificación, CALL (RLIN) (NR) B809.8
Número cutter local (OCLC) ; Número de libro/Signatura topográfica íntegra, CALL (RLIN) .S241 c1961
049 ## - FONDOS LOCALES (OCLC)
Biblioteca depositaria GRAL
100 1# - ENTRADA PRINCIPAL--NOMBRE DE PERSONA
Nombre de persona Sartre, Jean-Paul,
Fechas asociadas al nombre 1905-1980.
245 10 - MENCIÓN DEL TÍTULO
Título Critica de la razon dialectica (Marxismo y existencialismo)
Mención de responsabilidad, etc. Traducción del frances por Eduardo Vasquez.
260 ## - PUBLICACIÓN, DISTRIBUCIÓN, ETC.
Lugar de publicación, distribución, etc. Caracas,
Nombre del editor, distribuidor, etc. Universidad Central de Venezuela, Facultad de Humanidades y Educación, Escuela de Periodismo,
Fecha de publicación, distribución, etc. 1961.
300 ## - DESCRIPCIÓN FÍSICA
Extensión 62 p.
Dimensiones 23 cm.
490 1# - MENCIÓN DE SERIE
Mención de serie Universidad Central de Venezuela. Facultad de Humanidades y Educación. Escuela de Periodismo. Cuaderno,
Designación de volumen o secuencia 14
650 #0 - PUNTO DE ACCESO ADICIONAL DE MATERIA--TÉRMINO DE MATERIA
Término de materia o nombre geográfico como elemento de entrada Existentialism.
650 #0 - PUNTO DE ACCESO ADICIONAL DE MATERIA--TÉRMINO DE MATERIA
Término de materia o nombre geográfico como elemento de entrada Dialectical materialism.
810 2# - PUNTO DE ACCESO ADICIONAL DE SERIE--NOMBRE DE ENTIDAD CORPORATIVA
Nombre de entidad corporativa o nombre de jurisdicción como elemento de entrada Universidad Central de Venezuela.
Unidad subordinada Facultad de Humanidades y Educación.
-- Escuela de Periodismo.
Título de la obra Cuaderno ;
Designación de volumen o secuencia 14.
942 ## - ELEMENTOS DE ENTRADA SECUNDARIOS (KOHA)
Fuente del sistema de clasificación o colocación Clasificación de Library of Congress
Tipo de ítem Koha
946 ## - PROCESAMIENTO DE INFORMACIÓN LOCAL (OCLC)
a clperez
994 ## -
-- C0
-- DRFGD
Holdings
Estatus retirado Estado de pérdida Fuente del sistema de clasificación o colocación Estado de daño No para préstamo Colección Biblioteca de origen Biblioteca actual Ubicación en estantería Fecha de adquisición Código de barras Visto por última vez Copia número Tipo de ítem Koha
    Clasificación de Library of Congress     Automatización y Procesos Técnicos Biblioteca Juan Bosch Biblioteca Juan Bosch Automatización y Procesos Técnicos (1er. Piso) 11/04/2023 00000044147 17/02/2019 1